MARC

LEADER 00000nam0a2200000 4500
001 246684
005 20231101232229.0
010 |a 502016917X 
020 |a RU  |b 90-58785 
035 |a (RuTPU)RU\TPU\book\268137 
035 |a RU\TPU\book\268137 
090 |a 246684 
100 |a 19960705d1990 k y0rusy5003 ca 
101 0 |a rus 
102 |a RU 
105 |a a z 001zy 
200 1 |a Экономика развивающихся стран: проблемы и перспективы  |e [сборник статей]  |f Академия наук СССР (АН СССР), Институт востоковедения (ИВ) ; отв. ред. В. А. Яшкин 
210 |a Москва  |c Наука  |d 1990 
215 |a 181,[2] с.  |d 22 см 
320 |a Библиогр. в конце ст. 
606 1 |a Экономика  |x Развивающиеся страны  |2 stltpush  |3 (RuTPU)RU\TPU\subj\26554  |9 50455 
610 1 |a Азия 
610 1 |a Африка 
610 1 |a Северная Африка 
610 1 |a экономическое развитие 
610 1 |a прогнозы 
610 1 |a перспективы 
686 |a У7  |v LBC/SL-A  |2 rubbk 
702 1 |a Яшкин  |b В. А.  |g Владимир Андреевич  |4 340 
712 0 2 |a Академия наук СССР (АН СССР)  |b Институт востоковедения (ИВ)  |c (Москва)  |2 stltpush  |3 (RuTPU)RU\TPU\col\11263 
801 1 |a RU  |b 63413507  |c 20131207 
801 2 |a RU  |b 63413507  |c 20131211  |g RCR 
942 |c BK